000
00273nam a22001217a 4500
082
_a
823
_b
DOD/S
100
_a
DODD, E F
245
_a
THE SNAKE CHAMBER AND OTHER STORIES
260
_a
MADRAS
_b
MACMILLAN
_c
1989
300
_a
65
650
_a
ENGLISH STORY
_z
INDIA
942
_c
BK
999
_c
7328
_d
7328